01544nam a2200253 a 4500001001000000003000900010005001700019007000300036008004100039020001500080040002500095082002500120100002800145245009300173260006100266300003500327500003400362500007100396500007400467504003200541505064600573650001401219651005701233000004148DO-SdBNP20240925174100.0ta090717e2006 dr ao gr 001 0dspa d a999342708X aDO-SdBNPbspacBNPHU 4a972.93054bV422p2221 aVega, Bernardo,d1938 -13aEl peligro comunista en la revolución de abril :b¿mito o realidad? /cBernardo Vega. aSanto Domingo :bFundación Cultural Dominicana,c2006. a373 p. :bil., fots. ;c27 cm. aIncluye índice onomástico aIncluye datos biográficos del autor en la solapa de la cubierta  aIncluye referencias bibliográficas y notas al pie de las páginas. aBibliografía : p. 343-347 aIntroducción--gCapítulo 1--tPrevio a la revolución de abril--gCapítulo 2--t24 25 de abril de 1965. El inicio de la Guerra Civil--gCapítulo 3--t25 de abril de 1965. El día que Washington ordenó la evacuación de civiles--gCapítulo 4--t27 de abril de 1965. El día de la gran derrota--gCapítulo 5--t28 de abril de 1965. El día que se ordenó el desembarco de las tropas que estaban en los barcos--gCapítulo 6--t29 de abril. El día que se ordenó el envío de las tropas aerotransportada--gCapítulo 7--tDudas y luego propagandas--gCapítulo 8--tConclusiones--tNotas--tBibliografías--tAnexos. 4aComunismo 4aRepública DominicanaxHistoriayRevolución, 1965